000 01098pab a2200181 454500
008 180718b2011 xxu||||| |||| 00| 0 eng d
100 _aSalerno, Giulio M.
245 _aImplementation and revision of the Italian constitution since the 1990s
260 _c2011
300 _ap.114-122.
362 _aJan
520 _aThis article describes the evolution of the Italian Constitution since 1990. A distinction is made between a "rigid" Constitution and an applied or "living" Constitution. Laws that have constitutional status and their limits are also examined. Moreover, the changing destiny of the various "seasons of reform" of the Constitution and the long road towards the "implemental" integration of the Constitution is also discussed. Finally, the role of the Constitutional Court in relation to the Constitution and as the "guarantor of the constitutional conformity" of the entire legal system is explained. - Reproduced.
650 _aItaly - Constitution
650 _aConstitutions
773 _aInternational Journal of Public Administration
908 _aN
909 _a96626
999 _c96626
_d96626